000 00640nam a2200157 a 4500
008 120416s1966 ||||||||||||||||| || u
050 _aT 58 Roe
100 _aRoethlisbeger, F. J
245 1 0 _aManagement and the worker
246 _aan account of research program conducted by the Western Electric company, Hawthorne Works, Chicago
260 _aCambridge, [Mass.]
_bHavard University Press
_c1966
300 _axxiv, 615p. : ill.
350 _a0.00
700 _aWright, Harold A
995 _D0.00
_FCBU-MAIN LIBRARY (Kitwe)
_H1
_I0.00
_M1
_UAVAILABLE
_ZMain Library Open Access Collection
999 _c49885
_d49885